000 00283nam a22001337a 4500
008 170829b xxu||||| |||| 00| 0 eng d
020 _a9780801304538
041 _aeng
080 _a070
100 _a39
101 _aMED
245 _aMASS MEDIA V I
_cBOHN.H.U
942 _2udc
_cBK
999 _c25254
_d25254